| 000 | 02256nas a22003375i 4500 | ||
|---|---|---|---|
| 001 | 3091-454X | ||
| 003 | DE-He213 | ||
| 005 | 20260304140736.0 | ||
| 007 | cr nn 008mamaa | ||
| 008 | 150723s||||||||sz uu poo|||||| b|EN |d | ||
| 022 | _a3091-454X | ||
| 024 | 7 |
_a10.1007/13640.1687-5281 _2doi |
|
| 210 | 1 | 0 | _aJ. Image Video Process. |
| 245 | 1 | 0 |
_aJournal on Image and Video Processing _h[electronic resource] / _cedited by Giuseppe Valenzise, Jean-Luc Dugelay. |
| 264 | 1 |
_aCham : _bSpringer International Publishing : _bImprint: Springer. |
|
| 300 | _bonline resource. | ||
| 520 | _aJournal on Image and Video Processing is intended for researchers from both academia and industry, who are active in the multidisciplinary field of image and video processing. The scope of the journal covers all theoretical and practical aspects of the domain, from basic research to development of application; in particular in relation to AI-based methods & non-conventional and emerging imaging systems. Contributed articles on image and video processing may be focused on specific techniques (e.g., neural networks, wavelets, mathematical morphology), diverse functionalities or services (e.g., classification, compression, recognition, restoration, segmentation, quality assessment), within the context of various activity sectors (e.g., multimedia, medical, aerial, robotics, security, communications, arts) employing diverse data formats (e.g., black and white, gray scale, color, multi spectral, infra red, thermal, event-based, video, stereo, 3-D). The journal is an Open Access journal since 2007. | ||
| 650 | 0 | _aSignal processing. | |
| 650 | 0 | _aComputer vision. | |
| 650 | 0 | _aBiometric identification. | |
| 650 | 0 |
_aPattern recognition systems. _91338 |
|
| 650 | 1 | 4 | _aSignal, Speech and Image Processing. |
| 650 | 2 | 4 | _aComputer Vision. |
| 650 | 2 | 4 | _aBiometrics. |
| 650 | 2 | 4 |
_aAutomated Pattern Recognition. _91343 |
| 700 | 1 |
_aValenzise, Giuseppe. _eeditor. _4edt _4http://id.loc.gov/vocabulary/relators/edt _924243 |
|
| 700 | 1 |
_aDugelay, Jean-Luc. _eeditor. _4edt _4http://id.loc.gov/vocabulary/relators/edt _924244 |
|
| 710 | 2 | _aSpringerLink (Online service) | |
| 856 | 4 | 0 |
_uhttps://doi.org/10.1007/13640.1687-5281 _zOpen Access |
| 999 |
_c579962 _d579962 |
||